[Event "HUN-chT2 Szechenyi 1819"]
[Site "Hungary"]
[Date "2019.03.10"]
[Round "7.6"]
[White "Vass, Daniel"]
[Black "Balogh, Tibor"]
[Result "1-0"]
[WhiteElo "2022"]
[BlackElo "1790"]
[PlyCount "120"]
[EventDate "2018.10.28"]
[EventType "team-tourn"]
[EventRounds "9"]
[EventCountry "HUN"]
[SourceTitle "EXT 2021"]
[Source "ChessBase"]
[SourceDate "2020.10.23"]
[SourceVersion "1"]
[SourceVersionDate "2020.10.23"]
[SourceQuality "1"]
[WhiteTeam "Csuti Baki Agrocentrum"]
[BlackTeam "Gyor Szechenyi II"]
[WhiteTeamCountry "HUN"]
[BlackTeamCountry "HUN"]

1. d4 Nf6 2. c4 e6 3. Nc3 b6 4. Bg5 Be7 5. Nf3 Bb7 6. e3 0-0 7. Be2 d5 8. Qc2 Nbd7 9. 0-0 h6 10. Bh4 Ne4 11. Bxe7 Qxe7 12. Nxe4 dxe4 13. Nd2 f5 14. a3 a5 15. Qc3 g5 16. b4 Qf6 17. c5 bxc5 18. bxc5 Bd5 19. Rab1 Rfb8 20. Rb5 Rxb5 21. Bxb5 c6 22. Ba4 Qd8 23. Nc4 Qc7 24. Rb1 Ra7 25. h3 Kg7 26. Nd6 Kg6 27. Rb2 h5 28. Bd1 Nf6 29. Nc4 Bxc4 30. Qxc4 Nd5 31. Qb3 g4 32. hxg4 hxg4 33. Qb8 Qxb8 34. Rxb8 Kf7 35. Ba4 Ra6 36. Rb7+ Ke8 37. Kf1 Kd8 38. Ke1 Kc8 39. Rh7 Kd8 40. Kd2 Ne7 41. Rh6 Kd7 42. Bb3 Nd5 43. Bxd5 cxd5 44. Kc3 Ra8 45. Rh7+ Kc6 46. Re7 Rf8 47. Rxe6+ Kd7 48. Rd6+ Kc7 49. g3 Rb8 50. Rxd5 a4 51. Rxf5 Rb3+ 52. Kc2 Rxa3 53. d5 Rd3 54. Rf7+ Kc8 55. d6 Rd5 56. Rc7+ Kd8 57. Kc3 Rf5 58. c6 Rxf2 59. Ra7 Ke8 60. Rxa4 Rf3 1-0

[Event "HUN-chT2 Szechenyi 1819"]
[Site "Hungary"]
[Date "2019.01.27"]
[Round "4.5"]
[White "Vass, Daniel"]
[Black "Balka, Richard"]
[Result "1/2-1/2"]
[WhiteElo "2022"]
[BlackElo "2063"]
[PlyCount "55"]
[EventDate "2018.10.28"]
[EventType "team-tourn"]
[EventRounds "9"]
[EventCountry "HUN"]
[SourceTitle "EXT 2021"]
[Source "ChessBase"]
[SourceDate "2020.10.23"]
[SourceVersion "1"]
[SourceVersionDate "2020.10.23"]
[SourceQuality "1"]
[WhiteTeam "Csuti Baki Agrocentrum"]
[BlackTeam "Sarvar"]
[WhiteTeamCountry "HUN"]
[BlackTeamCountry "HUN"]

1. d4 d5 2. c4 e6 3. Nf3 Nf6 4. Nc3 Be7 5. Bg5 0-0 6. e3 h6 7. Bh4 b6 8. cxd5 Nxd5 9. Bg3 Nxc3 10. bxc3 Bb7 11. Be2 Nd7 12. 0-0 c5 13. Qa4 Qc8 14. Rac1 Rd8 15. Rfd1 Nf6 16. Ne5 Ne4 17. Bf3 Nxg3 18. hxg3 Bxf3 19. gxf3 Bf6 20. Nd3 Be7 21. Qb5 Qc7 22. a4 Rac8 23. Ra1 cxd4 24. cxd4 Rd5 25. Qb2 Qd8 26. Rdc1 Bf6 27. Nb4 Rd7 28. Nd3 1/2-1/2

[Event "HUN-chT2 Szechenyi 1819"]
[Site "Hungary"]
[Date "2018.12.02"]
[Round "3.5"]
[White "Domonkos, Tamas"]
[Black "Vass, Daniel"]
[Result "0-1"]
[WhiteElo "1877"]
[BlackElo "2022"]
[PlyCount "116"]
[EventDate "2018.10.28"]
[EventType "team-tourn"]
[EventRounds "9"]
[EventCountry "HUN"]
[SourceTitle "EXT 2021"]
[Source "ChessBase"]
[SourceDate "2020.10.23"]
[SourceVersion "1"]
[SourceVersionDate "2020.10.23"]
[SourceQuality "1"]
[WhiteTeam "Tapolca VSE II"]
[BlackTeam "Csuti Baki Agrocentrum"]
[WhiteTeamCountry "HUN"]
[BlackTeamCountry "HUN"]

1. c4 c5 2. g3 g6 3. Bg2 Bg7 4. Nc3 e6 5. Nf3 Nc6 6. 0-0 Nge7 7. d3 0-0 8. Bf4 d6 9. Qd2 Rb8 10. Ne4 e5 11. Bh6 b5 12. Bxg7 Kxg7 13. h4 Nd4 14. Nxd4 cxd4 15. c5 d5 16. Nd6 Nf5 17. Nxc8 Rxc8 18. b4 Re8 19. a4 bxa4 20. Rxa4 Rc7 21. Rfa1 Ree7 22. Bh3 Nh6 23. h5 f6 24. hxg6 hxg6 25. Ra6 f5 26. Qg5 Qe8 27. Rd6 Re6 28. Raa6 Nf7 29. Rxe6 Qxe6 30. Rxe6 Nxg5 31. Bxf5 Nxe6 32. Bxe6 a5 33. bxa5 Rxc5 34. a6 Ra5 35. a7 Rxa7 36. Bxd5 Kf6 37. Kg2 Ra1 38. Kf3 Re1 39. Bb7 Ke6 40. Bc8+ Kd5 41. Bb7+ Kc5 42. Be4 g5 43. Bf5 Kb4 44. Bg4 Ra1 45. Ke4 Ra5 46. e3 Kc3 47. exd4 exd4 48. f4 Ra8 49. Bf5 Re8+ 50. Kd5 Rf8 51. Ke6 gxf4 52. gxf4 Kd2 53. Ke5 Ke3 54. Be4 Rxf4 55. Kd5 Rxe4 56. dxe4 d3 57. e5 d2 58. e6 d1Q+ 0-1

[Event "HUN-chT2 Szechenyi 1718"]
[Site "Hungary"]
[Date "2018.05.06"]
[Round "9.6"]
[White "Biskopics, Marton"]
[Black "Vass, Daniel"]
[Result "0-1"]
[WhiteElo "1985"]
[BlackElo "2021"]
[PlyCount "84"]
[EventDate "2017.10.29"]
[EventType "team-tourn"]
[EventRounds "9"]
[EventCountry "HUN"]
[SourceTitle "EXT 2021"]
[Source "ChessBase"]
[SourceDate "2020.10.23"]
[SourceVersion "1"]
[SourceVersionDate "2020.10.23"]
[SourceQuality "1"]
[WhiteTeam "Keszthely Spartacus"]
[BlackTeam "Csuti Baki Agrocentrum"]
[WhiteTeamCountry "HUN"]
[BlackTeamCountry "HUN"]

1. c4 c5 2. Nc3 Nc6 3. g3 g6 4. Bg2 Bg7 5. d3 e6 6. e4 Nge7 7. Nge2 0-0 8. 0-0 Rb8 9. Be3 Nd4 10. Qd2 a6 11. Bh6 b5 12. Bxg7 Kxg7 13. Qf4 Nxe2+ 14. Nxe2 Qb6 15. cxb5 Qxb5 16. Nc3 Qb4 17. a3 Qb6 18. e5 f5 19. exf6+ Rxf6 20. Qg5 d5 21. Rab1 Qd6 22. Qd2 Nc6 23. Ne2 a5 24. d4 Ba6 25. dxc5 Qxc5 26. Rbc1 Qb6 27. h4 Rbf8 28. Nf4 Bxf1 29. Rxf1 Rb8 30. Qc3 Nd4 31. Rd1 Ne2+ 32. Nxe2 Qxf2+ 33. Kh2 Qxe2 34. Rd2 Qb5 35. Qc7+ Kg8 36. Qe5 Rbf8 37. Bh3 Qb6 38. Rg2 a4 39. Bg4 d4 40. Kh3 d3 41. h5 gxh5 42. Bxh5 Rf5 0-1

[Event "HUN-chT2 Szechenyi 1718"]
[Site "Hungary"]
[Date "2018.03.04"]
[Round "7.6"]
[White "Cseke, Richard"]
[Black "Vass, Daniel"]
[Result "1-0"]
[WhiteElo "2288"]
[BlackElo "2021"]
[PlyCount "113"]
[EventDate "2017.10.29"]
[EventType "team-tourn"]
[EventRounds "9"]
[EventCountry "HUN"]
[SourceTitle "EXT 2021"]
[Source "ChessBase"]
[SourceDate "2020.10.23"]
[SourceVersion "1"]
[SourceVersionDate "2020.10.23"]
[SourceQuality "1"]
[WhiteTeam "Ajka Banyasz"]
[BlackTeam "Csuti Baki Agrocentrum"]
[WhiteTeamCountry "HUN"]
[BlackTeamCountry "HUN"]

1. e4 c5 2. g3 Nc6 3. Bg2 g6 4. Ne2 Bg7 5. 0-0 e6 6. f4 Nge7 7. c3 0-0 8. d3 d6 9. Be3 e5 10. h3 Rb8 11. a3 b6 12. fxe5 dxe5 13. b4 Qd6 14. Ra2 Be6 15. Rd2 cxb4 16. axb4 b5 17. Kh2 a5 18. Bc5 Qd7 19. d4 exd4 20. cxd4 Bc4 21. bxa5 Nxa5 22. Rf3 b4 23. d5 Qc7 24. Bd4 Bxd4 25. Nxd4 Qe5 26. Rf4 Nb7 27. h4 Nd6 28. Nf3 Qa1 29. e5 Ndf5 30. d6 Ne3 31. Qc1 N7f5 32. g4 Nxg2 33. Kxg2 Ne3+ 34. Kf2 Ba2 35. Kxe3 Bxb1 36. Qb2 Qa3+ 37. Kf2 g5 38. Nxg5 Bg6 39. h5 h6 40. Nf3 Bh7 41. Qxa3 bxa3 42. Ra4 Ra8 43. Rxa8 Rxa8 44. d7 Rd8 45. e6 fxe6 46. Ne5 Be4 47. Ra2 Kg7 48. Ke3 Bd5 49. Rxa3 Kf6 50. Kd4 Ke7 51. Ra7 Kf6 52. Ra1 Ke7 53. Rf1 Rg8 54. Rf7+ Kd6 55. d8Q+ Rxd8 56. Rh7 Ra8 57. Rd7# 1-0

[Event "HUN-chT2 Szechenyi 1718"]
[Site "Hungary"]
[Date "2018.01.28"]
[Round "5.5"]
[White "Foki, Robert"]
[Black "Vass, Daniel"]
[Result "0-1"]
[WhiteElo "1808"]
[BlackElo "2021"]
[PlyCount "68"]
[EventDate "2017.10.29"]
[EventType "team-tourn"]
[EventRounds "9"]
[EventCountry "HUN"]
[SourceTitle "EXT 2021"]
[Source "ChessBase"]
[SourceDate "2020.10.23"]
[SourceVersion "1"]
[SourceVersionDate "2020.10.23"]
[SourceQuality "1"]
[WhiteTeam "Arboretum"]
[BlackTeam "Csuti Baki Agrocentrum"]
[WhiteTeamCountry "HUN"]
[BlackTeamCountry "HUN"]

1. d4 d5 2. Nf3 Nf6 3. e3 e6 4. Be2 Bd6 5. 0-0 Nbd7 6. c4 c6 7. Nc3 0-0 8. Qc2 dxc4 9. e4 e5 10. Bxc4 exd4 11. Nxd4 Nb6 12. Be2 Bxh2+ 13. Kxh2 Qxd4 14. Rh1 Qxf2 15. Qd3 Bg4 16. Be3 Bxe2 17. Bxf2 Bxd3 18. Rae1 Rfe8 19. Kg3 Nxe4+ 20. Nxe4 Bxe4 21. a3 Rad8 22. Rh4 Bd5 23. Reh1 h6 24. Rb4 Re2 25. Rh2 Be4 26. Rb3 Rdd2 27. Be3 Rxb2 28. Rxb2 Rxb2 29. Kf4 Rxg2 30. Rh3 f5 31. Ke5 Nc4+ 32. Ke6 Rg6+ 33. Ke7 Nxe3 34. Rxe3 Bd5 0-1

[Event "HUN-chT2 Szechenyi 1718"]
[Site "Hungary"]
[Date "2017.12.03"]
[Round "3.5"]
[White "Katona, Janos"]
[Black "Vass, Daniel"]
[Result "1/2-1/2"]
[WhiteElo "1903"]
[BlackElo "2021"]
[PlyCount "31"]
[EventDate "2017.10.29"]
[EventType "team-tourn"]
[EventRounds "9"]
[EventCountry "HUN"]
[SourceTitle "EXT 2021"]
[Source "ChessBase"]
[SourceDate "2020.10.23"]
[SourceVersion "1"]
[SourceVersionDate "2020.10.23"]
[SourceQuality "1"]
[WhiteTeam "Sarvar"]
[BlackTeam "Csuti Baki Agrocentrum"]
[WhiteTeamCountry "HUN"]
[BlackTeamCountry "HUN"]

1. d4 d5 2. Nf3 Nf6 3. c4 e6 4. Nc3 c6 5. Bg5 Nbd7 6. e3 Qa5 7. Nd2 Bb4 8. Qc2 0-0 9. Be2 c5 10. dxc5 dxc4 11. Bxf6 Nxf6 12. Bxc4 Qxc5 13. Rc1 Qg5 14. 0-0 b6 15. Be2 Bb7 16. Bf3 1/2-1/2

[Event "HUN-chT2 Szechenyi 1415"]
[Site "Hungary"]
[Date "2014.10.12"]
[Round "3.4"]
[White "Varga, Tibor"]
[Black "Vass, Daniel"]
[Result "1-0"]
[WhiteElo "2049"]
[BlackElo "2034"]
[PlyCount "71"]
[EventDate "2014.09.07"]
[EventType "team-tourn"]
[EventRounds "11"]
[EventCountry "HUN"]
[SourceTitle "EXT 2016"]
[Source "ChessBase"]
[SourceDate "2015.10.08"]
[SourceVersion "1"]
[SourceVersionDate "2015.10.08"]
[SourceQuality "1"]
[WhiteTeam "HVSE Infraplan"]
[BlackTeam "Csuti"]
[WhiteTeamCountry "HUN"]
[BlackTeamCountry "HUN"]

1. e4 c5 2. Nf3 Nc6 3. Bb5 g6 4. 0-0 Bg7 5. Re1 Nf6 6. e5 Nd5 7. Nc3 Nc7 8. a4 Nxb5 9. axb5 Nd4 10. Nxd4 cxd4 11. Nd5 e6 12. Nf4 d6 13. Nd3 0-0 14. b3 dxe5 15. Ba3 Re8 16. Nxe5 Qd5 17. Nc4 b6 18. Qg4 Bb7 19. Nd6 Red8 20. Qg3 h5 21. Nxb7 Qxb7 22. c4 d3 23. Rab1 Rd4 24. h3 Bh6 25. Qe5 Bg7 26. Qg5 Re4 27. f3 Rxe1+ 28. Rxe1 Kh7 29. Qe7 Qb8 30. Qxf7 Qg3 31. Rxe6 Rc8 32. Bd6 Qg5 33. Re7 Rg8 34. Be5 Qxd2 35. Bxg7 Qc1+ 36. Kh2 1-0

[Event "HUN-chT2 Szechenyi 1314"]
[Site "Hungary"]
[Date "2014.02.16"]
[Round "7.9"]
[White "Grull, Mate"]
[Black "Vass, Daniel"]
[Result "0-1"]
[WhiteElo "1651"]
[BlackElo "2009"]
[PlyCount "82"]
[EventDate "2013.09.08"]
[EventType "team-tourn"]
[EventRounds "11"]
[EventCountry "HUN"]
[SourceTitle "EXT 2016"]
[Source "ChessBase"]
[SourceDate "2015.10.08"]
[SourceVersion "1"]
[SourceVersionDate "2015.10.08"]
[SourceQuality "1"]
[WhiteTeam "Szombathely Haladas III"]
[BlackTeam "Baki Agrocentrum"]
[WhiteTeamCountry "HUN"]
[BlackTeamCountry "HUN"]

1. e4 c5 2. Nf3 Nc6 3. d4 cxd4 4. Nxd4 e5 5. Nb5 d6 6. N1c3 a6 7. Na3 b5 8. Nd5 Nge7 9. Bg5 f6 10. Qh5+ g6 11. Nxf6+ Kf7 12. Qf3 Nd4 13. Qd1 Ne6 14. Nxh7 Rxh7 15. Qf3+ Kg8 16. Bxe7 Bxe7 17. Bd3 Nc5 18. c4 b4 19. Nc2 a5 20. 0-0 Be6 21. Qe2 Bg5 22. Ne3 Bxe3 23. Qxe3 Qc7 24. Rac1 b3 25. axb3 Nxb3 26. Rc3 Nd4 27. f4 Qe7 28. Qg3 Qh4 29. Qxh4 Rxh4 30. fxe5 dxe5 31. Ra3 Rh7 32. Rfa1 Nc6 33. h3 Rd7 34. Kf2 Rad8 35. Be2 Rd2 36. b3 Rb2 37. R1a2 Rdd2 38. Rxb2 Rxb2 39. Ke3 Nd4 40. Bf3 Rxb3+ 41. Rxb3 Nxb3 0-1

[Event "HUN-chT2 Szechenyi 1213"]
[Site "Hungary"]
[Date "2013.03.03"]
[Round "8.2"]
[White "Kiss, Zoltan"]
[Black "Vass, Daniel"]
[Result "1/2-1/2"]
[WhiteElo "2112"]
[BlackElo "1999"]
[PlyCount "54"]
[EventDate "2012.09.16"]
[EventType "team-tourn"]
[EventRounds "11"]
[EventCountry "HUN"]
[SourceTitle "EXT 2014"]
[Source "ChessBase"]
[SourceDate "2013.11.20"]
[SourceVersion "1"]
[SourceVersionDate "2013.11.20"]
[SourceQuality "1"]
[WhiteTeam "Peti MTE"]
[BlackTeam "Zalaegerszeg Bagi"]
[WhiteTeamCountry "HUN"]
[BlackTeamCountry "HUN"]

1. e4 c5 2. c3 d5 3. exd5 Qxd5 4. d4 cxd4 5. cxd4 Nc6 6. Nf3 e5 7. Nc3 Bb4 8. Be3 Bg4 9. Be2 e4 10. Nd2 Bxe2 11. Qxe2 Bxc3 12. bxc3 Nf6 13. 0-0 0-0 14. Rfb1 h6 15. Rb5 Qd7 16. Rab1 b6 17. Bf4 Nd5 18. Bxh6 Nxc3 19. Qh5 f6 20. Bxg7 Qxg7 21. R1b3 Qf7 22. Qg4+ Qg7 23. Qe6+ Qf7 24. Qg4+ Qg7 25. Qe6+ Qf7 26. Qg4+ Qg7 27. Qe6+ Qf7 1/2-1/2

[Event "HUN-chT2 Szechenyi 1112"]
[Site "Hungary"]
[Date "2012.03.12"]
[Round "7.3"]
[White "Suranyi, Pal"]
[Black "Vass, Daniel"]
[Result "1-0"]
[WhiteElo "2153"]
[BlackElo "2023"]
[PlyCount "93"]
[EventDate "2011.09.25"]
[EventType "team-tourn"]
[EventRounds "11"]
[EventCountry "HUN"]
[SourceTitle "EXT 2013"]
[Source "ChessBase"]
[SourceDate "2012.11.22"]
[SourceVersion "1"]
[SourceVersionDate "2012.11.22"]
[SourceQuality "1"]
[WhiteTeam "Pet"]
[BlackTeam "Zalaegerszeg"]
[WhiteTeamCountry "HUN"]
[BlackTeamCountry "HUN"]

1. d4 d5 2. c4 e6 3. Nc3 Nf6 4. Bg5 Nbd7 5. Nf3 c6 6. e3 Qa5 7. Bxf6 Nxf6 8. a3 Be7 9. b4 Qc7 10. Be2 0-0 11. 0-0 dxc4 12. Bxc4 a5 13. Rb1 Nd5 14. Nxd5 exd5 15. Bd3 Bg4 16. b5 Bxf3 17. Qxf3 Bxa3 18. e4 Qd6 19. e5 Qe7 20. bxc6 bxc6 21. Bxh7+ Kxh7 22. Rb3 Bb4 23. Qh5+ Kg8 24. Rh3 f5 25. exf6 Rxf6 26. Qh8+ Kf7 27. Qxa8 Be1 28. Qa6 c5 29. Rf3 Rxf3 30. gxf3 c4 31. Qc8 Qg5+ 32. Kh1 Bb4 33. Qd7+ Be7 34. Rg1 Qh5 35. Rg4 Kf8 36. Rf4+ Bf6 37. Rf5 Qh4 38. Qd8+ Kf7 39. Qxd5+ Kg6 40. Kg2 c3 41. Qe4 Qxe4 42. fxe4 a4 43. Ra5 Bg5 44. Ra6+ Kf7 45. Rc6 Bd2 46. Kf3 a3 47. Ke2 1-0

[Event "HUN-chT2 Szechenyi 1112"]
[Site "Hungary"]
[Date "2011.11.13"]
[Round "3.6"]
[White "Vass, Daniel"]
[Black "Ongai, Erik"]
[Result "1/2-1/2"]
[WhiteElo "2023"]
[BlackElo "1994"]
[PlyCount "75"]
[EventDate "2011.09.25"]
[EventType "team-tourn"]
[EventRounds "11"]
[EventCountry "HUN"]
[SourceTitle "EXT 2013"]
[Source "ChessBase"]
[SourceDate "2012.11.22"]
[SourceVersion "1"]
[SourceVersionDate "2012.11.22"]
[SourceQuality "1"]
[WhiteTeam "Zalaegerszeg"]
[BlackTeam "Sarvar"]
[WhiteTeamCountry "HUN"]
[BlackTeamCountry "HUN"]

1. d4 d5 2. c4 e6 3. Nc3 Nf6 4. Bg5 c6 5. Nf3 Be7 6. e3 0-0 7. Qc2 Nbd7 8. 0-0-0 Nb6 9. Ne5 dxc4 10. h4 Nbd5 11. Bxf6 Bxf6 12. Bxc4 Qc7 13. Ng4 Be7 14. Kb1 Nb4 15. Qe2 b5 16. Bb3 a5 17. Rc1 Qb8 18. a3 a4 19. Bd1 Nd5 20. Ne5 Qb7 21. Nxd5 cxd5 22. Nc6 b4 23. Qd3 bxa3 24. Nxe7+ Qxe7 25. Bc2 f5 26. Qxa3 Qf7 27. Bd3 Ba6 28. Bxa6 Rxa6 29. Rc3 h6 30. Rhc1 Qg6 31. Rc8 Rxc8 32. Rxc8+ Kh7 33. Qf8 Qg4 34. Qh8+ Kg6 35. Qe8+ Kh7 36. Qh8+ Kg6 37. Qe8+ Kh7 38. Qh8+ 1/2-1/2

[Event "HUN-chT2 Charousek 1011"]
[Site "Hungary"]
[Date "2011.04.17"]
[Round "9"]
[White "Vass, Daniel"]
[Black "Hitter, Gabriela"]
[Result "0-1"]
[WhiteElo "2041"]
[BlackElo "2050"]
[PlyCount "84"]
[EventDate "2010.09.12"]
[EventType "team-tourn"]
[EventRounds "11"]
[EventCountry "HUN"]
[SourceTitle "EXT 2012"]
[Source "ChessBase"]
[SourceDate "2011.11.24"]
[SourceVersion "1"]
[SourceVersionDate "2011.11.24"]
[SourceQuality "1"]
[WhiteTeam "Csuti II"]
[BlackTeam "Haladas II"]
[WhiteTeamCountry "HUN"]
[BlackTeamCountry "HUN"]

1. d4 d5 2. c4 c6 3. Nc3 Nf6 4. Nf3 e6 5. Bg5 h6 6. Bxf6 Qxf6 7. e3 Nd7 8. Qc2 g6 9. 0-0-0 Bg7 10. Be2 0-0 11. h4 dxc4 12. Bxc4 e5 13. dxe5 Nxe5 14. Nxe5 Qxe5 15. Qxg6 b5 16. Bb3 b4 17. Na4 Bf5 18. Qd6 Qe4 19. Qf4 Qxf4 20. exf4 Rad8 21. Bc2 Be6 22. Nc5 Bd5 23. f3 Rfe8 24. Rhe1 Rxe1 25. Rxe1 Bf8 26. Ne4 Bg7 27. Ng3 Bxa2 28. b3 a5 29. Nf5 Bc3 30. Re7 a4 31. Nxh6+ Kf8 32. Rxf7+ Ke8 33. Rc7 Bxb3 34. Rxc6 Bxc2 35. Kxc2 Rd2+ 36. Kb1 a3 37. Ra6 Rb2+ 38. Kc1 a2 39. Ra8+ Kd7 40. Ra7+ Kc6 41. g4 Rf2 42. g5 b3 0-1

[Event "HUN-chT2 Szechenyi 1011"]
[Site "Hungary"]
[Date "2011.03.27"]
[Round "7.3"]
[White "Vass, Daniel"]
[Black "Szeles, Karoly"]
[Result "1/2-1/2"]
[WhiteElo "2041"]
[BlackElo "2230"]
[PlyCount "62"]
[EventDate "2010.09.12"]
[EventType "team-tourn"]
[EventRounds "11"]
[EventCountry "HUN"]
[SourceTitle "EXT 2012"]
[Source "ChessBase"]
[SourceDate "2011.11.24"]
[SourceVersion "1"]
[SourceVersionDate "2011.11.24"]
[SourceQuality "1"]
[WhiteTeam "Baki Agrocentrum"]
[BlackTeam "Zala Volan"]
[WhiteTeamCountry "HUN"]
[BlackTeamCountry "HUN"]

1. d4 d5 2. c4 e6 3. Nc3 c5 4. Nf3 cxd4 5. Nxd4 e5 6. Nf3 d4 7. Nd5 Nc6 8. e3 Nf6 9. exd4 Nxd5 10. cxd5 Qxd5 11. dxe5 Qxd1+ 12. Kxd1 Bg4 13. Bg5 Be7 14. Bxe7 Kxe7 15. Be2 Rhd8+ 16. Ke1 Bxf3 17. Bxf3 Nxe5 18. Ke2 Nxf3 19. Kxf3 Rd2 20. Rhe1+ Kf6 21. Re2 Rad8 22. Rae1 R8d3+ 23. Kg4 a5 24. f3 b5 25. Kg3 h5 26. Kf2 h4 27. Rc1 a4 28. Rc6+ Rd6 29. Rc5 R6d5 30. Rc6+ Rd6 31. Rc5 R6d5 1/2-1/2

[Event "HUN-chT2 Charousek 0910"]
[Site "Hungary"]
[Date "2009.12.06"]
[Round "3"]
[White "Vass, Daniel"]
[Black "Horvath, Reka"]
[Result "0-1"]
[WhiteElo "2019"]
[BlackElo "1978"]
[PlyCount "76"]
[EventDate "2009.11.08"]
[EventType "team-tourn"]
[EventRounds "11"]
[EventCountry "HUN"]
[SourceTitle "EXT 2011"]
[Source "ChessBase"]
[SourceDate "2010.11.26"]
[SourceVersion "1"]
[SourceVersionDate "2010.11.26"]
[SourceQuality "1"]
[WhiteTeam "Csuti II"]
[BlackTeam "Haladas II"]
[WhiteTeamCountry "HUN"]
[BlackTeamCountry "HUN"]

1. d4 e6 2. c4 b6 3. Nc3 Bb4 4. Nf3 Bb7 5. Bg5 Nf6 6. e3 h6 7. Bh4 g5 8. Bg3 Ne4 9. Qc2 f5 10. Bd3 Bxc3+ 11. bxc3 d6 12. 0-0 h5 13. h3 Nxg3 14. fxg3 g4 15. hxg4 hxg4 16. Nh4 Qg5 17. Qe2 Nd7 18. e4 Rxh4 19. gxh4 Qxh4 20. exf5 g3 21. Qxe6+ Kf8 22. Rfc1 Qh2+ 23. Kf1 Qxg2+ 24. Ke1 Re8 25. d5 Rxe6+ 26. fxe6 Ne5 27. Be2 Qf2+ 28. Kd2 Nxc4+ 29. Kd3 Qe3+ 30. Kxc4 Qxe2+ 31. Kb4 Ba6 32. c4 Qb2+ 33. Ka4 Bxc4 34. Rxc4 b5+ 35. Ka5 bxc4 36. Rf1+ Ke8 37. Rh1 g2 38. Rg1 Qf2 0-1

[Event "HUN-chT2 Szechenyi 0809"]
[Site "Hungary"]
[Date "2009.04.19"]
[Round "11.8"]
[White "Vass, Daniel"]
[Black "Vucko, Jozsef"]
[Result "1-0"]
[WhiteElo "1948"]
[BlackElo "2077"]
[PlyCount "55"]
[EventDate "2008.10.26"]
[EventType "team-tourn"]
[EventRounds "11"]
[EventCountry "HUN"]
[SourceTitle "EXT 2010"]
[Source "ChessBase"]
[SourceDate "2010.11.25"]
[SourceVersion "1"]
[SourceVersionDate "2010.11.25"]
[SourceQuality "1"]
[WhiteTeam "Baki Agrocentrum"]
[BlackTeam "Alsoszolnok"]
[WhiteTeamCountry "HUN"]
[BlackTeamCountry "HUN"]

1. d4 d5 2. c4 e6 3. Nc3 c6 4. Nf3 Bd6 5. Qc2 Nd7 6. Bg5 Ne7 7. e3 0-0 8. Bd3 h6 9. Bh4 f6 10. 0-0 b6 11. e4 g5 12. Bg3 Bxg3 13. hxg3 dxe4 14. Bxe4 f5 15. Bd3 c5 16. d5 exd5 17. Nxd5 Nb8 18. Rfe1 Nbc6 19. Nxe7+ Nxe7 20. Rad1 Qc7 21. Ne5 f4 22. gxf4 Rxf4 23. Bh7+ Kg7 24. Ng6 Bf5 25. Qc3+ Kxh7 26. Rxe7+ Qxe7 27. Nxe7 Be6 28. Qd3+ 1-0

[Event "HUN-chT2 Szechenyi 0809"]
[Site "Hungary"]
[Date "2009.03.08"]
[Round "9.7"]
[White "Pfeifer, David"]
[Black "Vass, Daniel"]
[Result "1/2-1/2"]
[WhiteElo "1967"]
[BlackElo "1948"]
[PlyCount "41"]
[EventDate "2008.10.26"]
[EventType "team-tourn"]
[EventRounds "11"]
[EventCountry "HUN"]
[SourceTitle "EXT 2010"]
[Source "ChessBase"]
[SourceDate "2010.11.25"]
[SourceVersion "1"]
[SourceVersionDate "2010.11.25"]
[SourceQuality "1"]
[WhiteTeam "Ajka Banyasz"]
[BlackTeam "Baki Agrocentrum"]
[WhiteTeamCountry "HUN"]
[BlackTeamCountry "HUN"]

1. e4 c5 2. Nc3 Nc6 3. g3 g6 4. Bg2 Bg7 5. d3 d6 6. Be3 e6 7. Nge2 Nd4 8. Qd2 Ne7 9. 0-0 0-0 10. f4 Rb8 11. Rab1 Nec6 12. a3 b5 13. Nd1 Qc7 14. c3 Nxe2+ 15. Qxe2 b4 16. axb4 cxb4 17. Ra1 a5 18. Qc2 bxc3 19. bxc3 Ba6 20. Rf2 Rfc8 21. Rc1 1/2-1/2

[Event "HUN-chT2 Szechenyi 0809"]
[Site "Hungary"]
[Date "2009.01.11"]
[Round "5.7"]
[White "Geroly, Jozsef"]
[Black "Vass, Daniel"]
[Result "1-0"]
[WhiteElo "1996"]
[BlackElo "1948"]
[PlyCount "77"]
[EventDate "2008.10.26"]
[EventType "team-tourn"]
[EventRounds "11"]
[EventCountry "HUN"]
[SourceTitle "EXT 2010"]
[Source "ChessBase"]
[SourceDate "2010.11.25"]
[SourceVersion "1"]
[SourceVersionDate "2010.11.25"]
[SourceQuality "1"]
[WhiteTeam "Veszprem"]
[BlackTeam "Baki Agrocentrum"]
[WhiteTeamCountry "HUN"]
[BlackTeamCountry "HUN"]

1. Nf3 c5 2. g3 Nc6 3. d4 cxd4 4. Nxd4 g6 5. Bg2 Bg7 6. c3 Nxd4 7. cxd4 Qb6 8. e3 Qa6 9. Nc3 e6 10. a4 d5 11. Nb5 Qb6 12. Qc2 Rb8 13. Nc7+ Kd7 14. Nb5 Ne7 15. 0-0 Rd8 16. Bd2 a6 17. Nc3 Ke8 18. a5 Qc7 19. Rfc1 Bd7 20. Qd1 Bc6 21. Na4 Bxa4 22. Qxa4+ Qd7 23. Qxd7+ Kxd7 24. Bf1 Rdc8 25. b4 e5 26. b5 exd4 27. Rab1 dxe3 28. Bxe3 Rxc1 29. Bxc1 axb5 30. Bxb5+ Ke6 31. Bd2 Be5 32. Re1 Kf6 33. h4 Nc6 34. Bg5+ Ke6 35. Bxc6 bxc6 36. Rxe5+ Kd6 37. Bf4 Rb5 38. Re2+ Kc5 39. Ra2 1-0

[Event "HUN-chT U18"]
[Site "Miskolc"]
[Date "2008.10.28"]
[Round "3.6"]
[White "Vass, Daniel"]
[Black "Bajak, Andras"]
[Result "0-1"]
[WhiteElo "1948"]
[BlackElo "1937"]
[PlyCount "72"]
[EventDate "2008.10.27"]
[EventType "team-swiss"]
[EventRounds "8"]
[EventCountry "HUN"]
[SourceTitle "EXT 2016"]
[Source "ChessBase"]
[SourceDate "2015.10.08"]
[SourceVersion "1"]
[SourceVersionDate "2015.10.08"]
[SourceQuality "1"]

1. d4 d5 2. c4 c6 3. Nc3 Nf6 4. Nf3 a6 5. cxd5 cxd5 6. Bf4 Nc6 7. e3 Bg4 8. Be2 e6 9. 0-0 Be7 10. h3 Bh5 11. Ne5 Bxe2 12. Qxe2 0-0 13. Rac1 Rc8 14. Nxc6 Rxc6 15. Rc2 Nd7 16. Rfc1 Qa5 17. a3 Rfc8 18. Nb1 Nb6 19. Rxc6 Rxc6 20. Rxc6 bxc6 21. Bc7 c5 22. Kh2 h6 23. Nc3 Bf6 24. Qd3 Be7 25. Qc2 c4 26. b4 Qxa3 27. Bxb6 Bxb4 28. Na2 a5 29. Qb1 Qb3 30. Qa1 c3 31. Nxb4 axb4 32. Bc5 c2 33. Qa8+ Kh7 34. Qe8 c1Q 35. Qxf7 Qcc2 36. Qxe6 Qg6 0-1

[Event "HUN-chT U18"]
[Site "Miskolc"]
[Date "2008.10.27"]
[Round "1.6"]
[White "Vass, Daniel"]
[Black "Ruboczki, Tibor"]
[Result "1-0"]
[WhiteElo "1948"]
[BlackElo "1571"]
[PlyCount "49"]
[EventDate "2008.10.27"]
[EventType "team-swiss"]
[EventRounds "8"]
[EventCountry "HUN"]
[SourceTitle "EXT 2016"]
[Source "ChessBase"]
[SourceDate "2015.10.08"]
[SourceVersion "1"]
[SourceVersionDate "2015.10.08"]
[SourceQuality "1"]

1. d4 d5 2. c4 c6 3. Nc3 Nf6 4. Nf3 dxc4 5. a4 Bf5 6. e3 e6 7. Bxc4 Nbd7 8. 0-0 Bb4 9. Qb3 Bxc3 10. bxc3 b6 11. Ba3 Qc7 12. Rfd1 h5 13. a5 b5 14. Qb4 Nf8 15. Be2 Ng6 16. Ne5 Nxe5 17. dxe5 Nd5 18. Qd4 0-0-0 19. Bd6 Qb7 20. c4 Nc7 21. e4 Bg6 22. cxb5 cxb5 23. Rac1 Rd7 24. Rc5 Kb8 25. Rxb5 1-0